Psychic Type Pokemon Abilities - Statistics

General Stats
  • This quiz has been taken 56 times
    5 since last reset
  • The average score is 81 of 98
Answer Stats
Gen Ability % Correct
8 As One
100%
6 Blaze
100%
3 Chlorophyll
100%
3 Clear Body
100%
6 Competitive
100%
6 Contrary
100%
7 Dancer
100%
3 Early Bird
100%
4 Filter
100%
9 Flash Fire
100%
4 Forewarn
100%
5 Frisk
100%
5 Heavy Metal
100%
3 Illuminate
100%
6 Infiltrator
100%
3 Insomnia
100%
3 Levitate
100%
5 Light Metal
100%
5 Magic Bounce
100%
4 Multitype
100%
3 Oblivious
100%
3 Own Tempo
100%
6 Prankster
100%
9 Protosynthesis
100%
7 Psychic Surge
100%
3 Pure Power
100%
9 Quark Drive
100%
7 RKS System
100%
8 Run Away
100%
8 Screen Cleaner
100%
3 Serene Grace
100%
7 Shadow Shield
100%
3 Shadow Tag
100%
9 Sharpness
100%
3 Soundproof
100%
9 Speed Boost
100%
3 Synchronize
100%
3 Trace
100%
5 Unaware
100%
5 Unnerve
100%
9 Weak Armor
100%
8 Anticipation
75%
9 Armor Tail
75%
8 Curious Medicine
75%
7 Dazzling
75%
8 Defiant
75%
5 Dry Skin
75%
7 Full Metal Body
75%
5 Gluttony
75%
5 Harvest
75%
8 Healer
75%
4 Heatproof
75%
9 Huge Power
75%
5 Hydration
75%
3 Inner Focus
75%
8 Intimidate
75%
5 Justified
75%
6 Keen Eye
75%
5 Klutz
75%
5 Magic Guard
75%
6 Magician
75%
9 Mold Breaker
75%
3 Natural Cure
75%
7 Neuroforce
75%
9 Opportunist
75%
5 Overcoat
75%
8 Pastel Veil
75%
6 Pixilate
75%
3 Pressure
75%
7 Prism Armor
75%
8 Quick Draw
75%
5 Regenerator
75%
5 Sap Sipper
75%
6 Shell Armor
75%
5 Simple
75%
4 Steadfast
75%
7 Strong Jaw
75%
7 Sturdy
75%
6 Suction Cups
75%
7 Surge Surfer
75%
8 Swarm
75%
5 Telepathy
75%
3 Thick Fat
75%
5 Tinted Lens
75%
6 Tough Claws
75%
9 Toxic Chain
75%
5 Victory Star
75%
5 Zen Mode
75%
5 Analytic
50%
9 Cud Chew
50%
8 Ice Body
50%
5 Multiscale
50%
5 Technician
50%
8 Vital Spirit
50%
5 Wonder Skin
50%
8 Sheer Force
25%
7 Symbiosis
25%
8 Tangled Feet
25%
No matching quizzes found
Score Distribution
Percent of People with Each Score
Percentile by Number Answered
Your Score History
You have not taken this quiz since the last reset